[Event "Northumbria Masters 2018"]
[Site "Newcastle ENG"]
[Date "2018.02.17"]
[Round "6.11"]
[White "Asenov, Pavel"]
[Black "Gormally, Daniel W"]
[Result "0-1"]
[BlackTitle "GM"]
[WhiteElo "2187"]
[BlackElo "2483"]
[WhiteFideId "433705"]
[BlackFideId "406465"]
[EventDate "2018.02.14"]

1. d4 Nf6 2. c4 g6 3. Nc3 d5 4. Nf3 Bg7 5. Qb3 dxc4 6. Qxc4 O-O 7. e4 Nc6 8. Be2
Bg4 9. d5 Na5 10. Qb4 Bxf3 11. Bxf3 c6 12. O-O Nd7 13. Rd1 c5 14. Qa4 a6 15. Bg5
b5 16. Qc2 Bf6 17. Bxf6 exf6 18. b3 Nb7 19. Rac1 Nd6 20. Bg4 Ne5 21. Be2 Re8 22.
f4 Nd7 23. Bf3 c4 24. b4 a5 25. a3 axb4 26. axb4 Ra3 27. Re1 Rb3 28. Bg4 f5 29.
e5 fxg4 30. exd6 Rxe1+ 31. Rxe1 Qb6+ 32. Kh1 Qxd6 33. Rd1 Qxb4 34. Ne4 Re3 35.
Nd2 Re2 36. Qc1 c3 37. Nf1 Qe4 0-1

[Event "Northumbria Masters 2018"]
[Site "Newcastle ENG"]
[Date "2018.02.17"]
[Round "6.12"]
[White "Gayson, Peter M"]
[Black "Lalic, Bogdan"]
[Result "0-1"]
[BlackTitle "GM"]
[WhiteElo "2151"]
[BlackElo "2401"]
[WhiteFideId "401838"]
[BlackFideId "409081"]
[EventDate "2018.02.14"]

1. e4 e5 2. Nf3 Nc6 3. d4 exd4 4. Bc4 Bc5 5. O-O d6 6. c3 Bg4 7. Qb3 Bxf3 8.
Bxf7+ Kf8 9. gxf3 Nf6 10. Bc4 Bb6 11. Bb5 Qe8 12. Bxc6 bxc6 13. cxd4 Bxd4 14.
Qd3 c5 15. Nc3 Rb8 16. Rb1 Be5 17. Ne2 g5 18. Kh1 Rg8 19. Rg1 h6 20. b3 Rg7 21.
Bb2 Rf7 22. Bxe5 Qxe5 23. Ng3 g4 24. Qe3 gxf3 25. Qxf3 h5 26. Rbe1 Ng4 27. Qe2
Nxf2+ 28. Kg2 h4 29. Rgf1 hxg3 30. hxg3 Qxe4+ 31. Qxe4 Nxe4 32. Rxf7+ Kxf7 33.
Rxe4 Rb4 34. Kf3 Rxe4 35. Kxe4 Ke6 36. g4 d5+ 37. Kf4 Kf6 38. a4 a5 39. g5+ Ke6
40. Kg4 Ke5 41. g6 Kf6 42. Kh5 c4 43. bxc4 dxc4 44. Kh6 c3 45. g7 c2 46. g8=Q
c1=Q+ 0-1

[Event "Northumbria Masters 2018"]
[Site "Newcastle ENG"]
[Date "2018.02.17"]
[Round "6.13"]
[White "Welling, Gerard"]
[Black "Moreby, James"]
[Result "1-0"]
[WhiteTitle "IM"]
[WhiteElo "2320"]
[BlackElo "2112"]
[WhiteFideId "1000446"]
[BlackFideId "427756"]
[EventDate "2018.02.14"]

1. d4 d6 2. e4 g6 3. c3 Bg7 4. Bg5 Nf6 5. Nd2 Nbd7 6. Ngf3 O-O 7. Bc4 e5 8. dxe5
dxe5 9. Qc2 Qe7 10. a4 c6 11. a5 Re8 12. Ba2 h6 13. Bh4 g5 14. Bg3 Nh5 15. Nc4
Nf4 16. O-O Nf8 17. Ne3 Qf6 18. Rfe1 N8g6 19. Nf5 Bf8 20. Rad1 Be6 21. b4 Rad8
22. h3 a6 23. Nh2 h5 24. Nf1 c5 25. bxc5 Bxc5 26. N1e3 Bxa2 27. Qxa2 Bxe3 28.
fxe3 Ne6 29. Nd6 Qe7 30. Nxe8 Rxe8 31. Qa4 Nc5 32. Qb4 Qc7 33. Rd5 Ne6 34. Red1
Rc8 35. Be1 Qc6 36. Rb1 Rc7 37. Bg3 Qxc3 38. Qxc3 Rxc3 39. Bxe5 Rxe3 40. Bf6
Ngf4 41. Rxb7 Rxe4 42. Re5 Ra4 43. Bxg5 Ng6 44. Rd5 Ra2 45. Rf5 Nxg5 46. Rxg5
Kg7 47. Rxh5 Nf4 48. Rg5+ Kf6 49. Rg4 Ne2+ 50. Kf1 Nc3 51. Rb6+ Kf5 52. Rxa6 Nd5
53. Rg3 Ke4 54. Kg1 Ne3 55. Rxe3+ Kxe3 56. Rf6 Rxa5 57. Rxf7 Rg5 58. Kh2 Ke4 59.
g4 Ke5 60. Kg3 Ke6 61. Rf3 1-0

[Event "Northumbria Masters 2018"]
[Site "Newcastle ENG"]
[Date "2018.02.17"]
[Round "6.14"]
[White "Berry, Neil"]
[Black "Kane, Robert"]
[Result "1-0"]
[WhiteTitle "FM"]
[WhiteElo "2267"]
[BlackElo "1900"]
[WhiteFideId "2400650"]
[BlackFideId "420468"]
[EventDate "2018.02.14"]

1. d4 e6 2. c4 f5 3. Nc3 d5 4. Bf4 c6 5. e3 Nf6 6. Bd3 Be7 7. Nf3 O-O 8. Qc2 Ne4
9. g4 g5 10. Be5 Nd7 11. gxf5 exf5 12. cxd5 Nxe5 13. Nxe5 cxd5 14. Nxd5 Be6 15.
Nxe7+ Qxe7 16. O-O Rac8 17. Qe2 g4 18. f3 Ng5 19. fxg4 Bd5 20. Rxf5 Nh3+ 21. Kf1
Rc7 22. e4 Rfc8 23. Qe3 Be6 24. Qxh3 Bxf5 25. gxf5 Rc1+ 26. Rxc1 Rxc1+ 27. Ke2
Qb4 28. Bc4+ Rxc4 29. Nxc4 Qxc4+ 30. Qd3 Qxa2 31. Qg3+ Kf7 32. Qc7+ Kf6 33. Qd8+
Kg7 34. Qe7+ Kh6 35. Qe6+ 1-0

[Event "Northumbria Masters 2018"]
[Site "Newcastle ENG"]
[Date "2018.02.17"]
[Round "6.15"]
[White "Britton, Richard L"]
[Black "White, Stuart A"]
[Result "1/2-1/2"]
[WhiteTitle "FM"]
[WhiteElo "2255"]
[BlackElo "2107"]
[WhiteFideId "401692"]
[BlackFideId "407747"]
[EventDate "2018.02.14"]

1. e4 e6 2. d3 d5 3. Nd2 c5 4. Ngf3 Nc6 5. g3 Bd6 6. Bg2 Nge7 7. O-O O-O 8. Nh4
b6 9. f4 dxe4 10. dxe4 Ba6 11. Re1 Bc7 12. Kh1 Rc8 13. e5 Na5 14. Qg4 Ng6 15.
Nxg6 hxg6 16. Ne4 Bb7 17. Ng5 Bxg2+ 18. Kxg2 Qd5+ 19. Kg1 Bd8 20. Rd1 Qc4 21. b3
Qxc2 22. Nxe6 fxe6 23. Qxe6+ Kh7 24. Qh3+ Kg8 25. Qe6+ 1/2-1/2

[Event "Northumbria Masters 2018"]
[Site "Newcastle ENG"]
[Date "2018.02.17"]
[Round "6.16"]
[White "Kanakova, Natalie"]
[Black "Dalton, Joseph"]
[Result "1-0"]
[WhiteTitle "WFM"]
[WhiteElo "2245"]
[BlackElo "2045"]
[WhiteFideId "350486"]
[BlackFideId "427713"]
[EventDate "2018.02.14"]

1. e4 c5 2. Nf3 g6 3. d4 Bg7 4. Nc3 cxd4 5. Nxd4 Nc6 6. Nb3 Nf6 7. Be2 O-O 8.
O-O d6 9. Bg5 Bd7 10. Kh1 Rc8 11. f4 a6 12. Bf3 h6 13. Bh4 b5 14. Qe1 Nb4 15.
Rc1 Nh7 16. Nd5 Nxd5 17. exd5 Re8 18. c3 b4 19. cxb4 Bxb2 20. Rxc8 Qxc8 21. Qf2
Ba3 22. Qd4 Qb7 23. Be1 Rb8 24. Bc3 Nf6 25. Re1 Bxb4 26. Rxe7 Bxc3 27. Qxc3 Qb5
28. h3 Ne8 29. Qe3 Rc8 30. Be2 Qa4 31. Qa7 Qxf4 32. Rxd7 Rc2 33. Qxa6 Qf2 34.
Re7 Nf6 35. Qd3 Rxa2 36. Qf3 Qe1+ 37. Kh2 Kg7 38. Re3 Rb2 39. Bf1 Qb4 40. Nc1
Nxd5 41. Nd3 Nxe3 42. Nxb4 1-0

[Event "Northumbria Masters 2018"]
[Site "Newcastle ENG"]
[Date "2018.02.17"]
[Round "6.17"]
[White "Bukojemski, Adam"]
[Black "Izod, Chris"]
[Result "1/2-1/2"]
[WhiteElo "2222"]
[BlackElo "1882"]
[WhiteFideId "1114620"]
[BlackFideId "429716"]
[EventDate "2018.02.14"]

1. e4 e6 2. d4 d5 3. Nd2 dxe4 4. Nxe4 Bd7 5. Nf3 Bc6 6. Bd3 Nd7 7. O-O Ngf6 8.
Ng3 Be7 9. b3 O-O 10. Bb2 Bxf3 11. Qxf3 c6 12. Rad1 Qa5 13. a4 Rfe8 14. Rfe1
Rad8 15. h4 Bd6 16. c4 Bf8 17. c5 Be7 18. h5 h6 19. Bc1 Nf8 20. Bd2 Qc7 21. Bf4
Qc8 22. Bc2 Nd5 23. Ne4 Nxf4 24. Qxf4 Qb8 25. Qe3 f5 26. Nd2 Bg5 27. Qc3 Bxd2
28. Rxd2 Qf4 29. b4 Qg4 30. Bd1 Qg5 31. Qe3 Rd7 32. f4 Qf6 33. Bf3 a6 34. b5
axb5 35. axb5 cxb5 36. c6 bxc6 37. Bxc6 Red8 38. Bxd7 Rxd7 39. Rb1 Rd5 40. Qd3
Qh4 41. g3 Qxh5 42. Rxb5 Rxb5 43. Qxb5 Qf3 44. Kh2 Nh7 45. Qe2 Qd5 46. Qe5 Nf6
47. Qxd5 Nxd5 48. Kg2 g5 49. Kf3 Kf7 50. Ra2 Kf6 51. Ra7 Kg6 52. Rd7 Kf6 53. Rd8
Kg6 54. fxg5 hxg5 55. g4 fxg4+ 56. Kxg4 Nf6+ 57. Kf3 Kf5 58. Ra8 Nd5 59. Ra5 g4+
60. Kg3 Ke4 61. Ra6 Kxd4 62. Rxe6 Ne3 63. Kf4 Nd5+ 64. Kxg4 Nc3 65. Rd6+ Ke5 66.
Rd3 Nd5 67. Kf3 Ke6 68. Ke4 Nf6+ 69. Kd4 Kd6 70. Rf3 Ke6 71. Rf1 Nd7 72. Re1+
Kd6 73. Ra1 Nb6 74. Rh1 Nd7 75. Rh6+ Ke7 76. Ra6 Nf6 77. Ke5 Nd7+ 78. Kf5 Kf7
79. Rh6 1/2-1/2

[Event "Northumbria Masters 2018"]
[Site "Newcastle ENG"]
[Date "2018.02.17"]
[Round "6.18"]
[White "Player, Edmund C"]
[Black "House, Glenn L"]
[Result "1/2-1/2"]
[BlackTitle "FM"]
[WhiteElo "2172"]
[BlackElo "2214"]
[WhiteFideId "406520"]
[BlackFideId "406228"]
[EventDate "2018.02.14"]

1. e4 c5 2. Nf3 e6 3. c3 d5 4. exd5 exd5 5. d4 Nc6 6. Bb5 Bd6 7. O-O Ne7 8. dxc5
Bxc5 9. Nbd2 O-O 10. Nb3 Bb6 11. Re1 Qd6 12. Be3 Bxe3 13. Rxe3 h6 14. Qd2 Bg4
15. Rae1 Bxf3 16. Rxf3 Rad8 17. Nd4 Nxd4 18. Qxd4 a6 19. Ba4 Nc6 20. Bxc6 bxc6
21. Rg3 g6 22. b4 Rde8 23. Rge3 Rxe3 24. Qxe3 a5 25. Qxh6 axb4 26. Re3 Qf6 27.
Rh3 Qg7 28. Qxg7+ Kxg7 29. cxb4 Rb8 30. Rb3 Ra8 31. a3 Kf6 32. Kf1 Ke5 33. Ke2
d4 34. h4 Kd5 35. g4 Kc4 36. Rh3 Rh8 37. h5 gxh5 38. gxh5 Rh6 39. Kd2 f5 40. f4
c5 41. bxc5 Kxc5 42. a4 Kd5 43. Kd3 Ra6 44. h6 Rxa4 45. Rh5 Ra3+ 46. Kc2 Ra8 47.
h7 Rh8 48. Kd3 Ke6 49. Kxd4 Rd8+ 50. Kc5 Rh8 51. Kc6 Rc8+ 52. Kb7 Rh8 53. Kc7
Kf6 54. Kd7 Kg6 55. Rg5+ Kf6 56. Rh5 Kg6 57. Rg5+ Kf6 58. Rh5 Kg6 1/2-1/2

[Event "Northumbria Masters 2018"]
[Site "Newcastle ENG"]
[Date "2018.02.17"]
[Round "6.19"]
[White "Spanton, Tim R"]
[Black "Pritchett, Craig W"]
[Result "0-1"]
[BlackTitle "IM"]
[WhiteElo "1901"]
[BlackElo "2275"]
[WhiteFideId "404802"]
[BlackFideId "2400065"]
[EventDate "2018.02.14"]

1. Nf3 Nf6 2. c4 e6 3. Nc3 c5 4. d4 cxd4 5. Nxd4 a6 6. g3 Qc7 7. Qd3 Nc6 8. Nxc6
bxc6 9. e4 Be7 10. Bg2 O-O 11. O-O a5 12. b3 Ba6 13. Bf4 e5 14. Be3 Ng4 15. Bd2
Bc5 16. h3 Nf6 17. Na4 Bd4 18. Bc3 c5 19. Bxd4 cxd4 20. Rae1 d6 21. Nb2 Nd7 22.
Qd2 Nc5 23. Nd3 Rfb8 24. Nxc5 dxc5 25. Bf3 a4 26. Bd1 axb3 27. axb3 Bc8 28. Kh2
f6 29. Qe2 Be6 30. Qd3 Qd7 31. h4 Ra2 32. Re2 Ra3 33. Rb2 Rb4 34. Qd2 Qb7 35.
Ra2 Rxa2 36. Qxa2 Qxe4 37. Qa6 Bd7 38. Qa5 Qc6 39. Qd8+ Kf7 40. Bh5+ g6 41. Bf3
Qxf3 42. Qxd7+ Kg8 43. Qe8+ Kg7 44. Qe7+ Kh6 45. Qf8+ Kh5 46. Qe7 h6 47. Qxc5
Rxb3 48. Qd5 Qxd5 49. cxd5 Rb5 50. Kh3 f5 51. f3 g5 52. g4+ fxg4+ 53. fxg4+ Kg6
54. h5+ Kg7 55. d6 Rd5 56. Rf5 d3 0-1

[Event "Northumbria Masters 2018"]
[Site "Newcastle ENG"]
[Date "2018.02.17"]
[Round "6.20"]
[White "Kalaiyalahan, Akshaya"]
[Black "Longson, Sarah N"]
[Result "1/2-1/2"]
[WhiteTitle "FM"]
[BlackTitle "WFM"]
[WhiteElo "2136"]
[BlackElo "2124"]
[WhiteFideId "422894"]
[BlackFideId "2501465"]
[EventDate "2018.02.14"]

1. d4 d5 2. c4 dxc4 3. e3 Nf6 4. Bxc4 e6 5. Nf3 a6 6. a4 c5 7. O-O Nc6 8. Qe2
cxd4 9. Rd1 Be7 10. exd4 O-O 11. Nc3 Nb4 12. Ne5 Nbd5 13. Bg5 Nxc3 14. bxc3 Nd5
15. Bxe7 Nxe7 16. Qe4 Qc7 17. Bd3 f5 18. Qe1 Nd5 19. c4 Nf6 20. Be2 Nd7 21. f4
Nxe5 22. fxe5 Bd7 23. Bf1 Rfe8 24. Qg3 Rad8 25. Qb3 Kh8 26. a5 Bc6 27. d5 Bd7
28. d6 Qc5+ 29. Kh1 Bc6 30. Qc3 Rd7 31. Qd4 Qxd4 32. Rxd4 Rc8 33. c5 Kg8 34. Rc1 1/2-1/2

[Event "Northumbria Masters 2018"]
[Site "Newcastle ENG"]
[Date "2018.02.17"]
[Round "6.21"]
[White "Dunn, Alan"]
[Black "Storey, Charles H"]
[Result "1/2-1/2"]
[BlackTitle "FM"]
[WhiteElo "2046"]
[BlackElo "2262"]
[WhiteFideId "4300858"]
[BlackFideId "406686"]
[EventDate "2018.02.14"]

1. d4 d5 2. Bf4 Nf6 3. e3 c5 4. c3 Nc6 5. Bd3 Bg4 6. Nf3 e6 7. Nbd2 Nh5 8. Bg5
Qxg5 9. Nxg5 Bxd1 10. Rxd1 Be7 11. Ngf3 c4 12. Bc2 f5 13. b3 cxb3 14. axb3 b5
15. c4 Nb4 16. Bb1 Nf6 17. Ne5 Nd7 18. Ndf3 Bd6 19. Nxd7 Kxd7 20. c5 Bc7 21. Ke2
a5 22. Bd3 Kc6 23. Ne1 a4 24. bxa4 bxa4 25. Nc2 Na2 26. Kf3 Rhb8 27. Rb1 Rb3 28.
Ra1 Nc3 29. Ra3 Rxa3 30. Nxa3 Rb8 31. Nb1 Rxb1 32. Rxb1 g5 33. h3 h5 34. g4
hxg4+ 35. hxg4 fxg4+ 36. Kxg4 Nxb1 37. Bxb1 Kb5 38. Kxg5 Kb4 39. Kf6 Kb3 40.
Kxe6 Kb2 41. Be4 dxe4 42. d5 a3 43. d6 Ba5 44. c6 a2 45. c7 a1=Q 46. c8=Q Qa2+
47. Ke5 Qf7 48. Kxe4 Qxf2 49. d7 Qh4+ 50. Ke5 Qf2 51. Ke4 Qh4+ 52. Kf3 Qf6+ 53.
Ke4 1/2-1/2

[Event "Northumbria Masters 2018"]
[Site "Newcastle ENG"]
[Date "2018.02.17"]
[Round "6.22"]
[White "Greet, Andrew N"]
[Black "Younger, Mark"]
[Result "1-0"]
[WhiteTitle "IM"]
[WhiteElo "2458"]
[BlackElo "1720"]
[WhiteFideId "405817"]
[BlackFideId "454354"]
[EventDate "2018.02.14"]

1. d4 d5 2. c4 e6 3. Nf3 Nf6 4. g3 Be7 5. Bg2 O-O 6. O-O dxc4 7. Qc2 a6 8. a4
Bd7 9. Qxc4 Bc6 10. Bf4 Nbd7 11. Nc3 Rc8 12. Rfd1 Nd5 13. Bd2 Bd6 14. Qb3 Nxc3
15. bxc3 Nf6 16. Bf1 Ne4 17. Be3 b6 18. c4 Rb8 19. Qc2 Nf6 20. Bg5 Be4 21. Qxe4
Nxe4 22. Bxd8 Rfxd8 23. e3 Bb4 24. Ne5 Rd6 25. Bg2 Nc3 26. Rd2 a5 27. Nc6 Re8
28. Rb2 Rxc6 29. Bxc6 Rd8 30. Rc2 Rd6 31. Bf3 c5 32. d5 e5 33. Bg4 g6 34. Bc8
Ne4 35. f3 Nf6 36. Ba6 Kf8 37. Kg2 Ke7 38. f4 e4 39. h3 h5 40. Kf2 Rd8 41. Bb5
Kd6 42. Ke2 Nh7 43. Rh1 f5 44. g4 Rg8 45. Rcc1 Nf6 46. gxf5 gxf5 47. Rcg1 1-0

[Event "Northumbria Masters 2018"]
[Site "Newcastle ENG"]
[Date "2018.02.17"]
[Round "6.23"]
[White "Han, Yichen"]
[Black "Zhang, Zheming"]
[Result "1/2-1/2"]
[WhiteElo "1998"]
[BlackElo "1900"]
[WhiteFideId "1054430"]
[BlackFideId "430757"]
[EventDate "2018.02.14"]

1. e4 e6 2. d4 d5 3. Nc3 Nf6 4. Bg5 Be7 5. e5 Nfd7 6. h4 Nc6 7. Bxe7 Qxe7 8. f4
Nb6 9. Nf3 Bd7 10. a3 a5 11. Bd3 O-O-O 12. Qe2 Kb8 13. O-O-O f6 14. Rhe1 Rdf8
15. Qe3 fxe5 16. fxe5 Be8 17. g4 h6 18. Rf1 Bf7 19. Ne2 Bg8 20. Nf4 Bf7 21. h5
Rc8 22. Qf2 Rhf8 23. Kb1 Be8 24. Qg3 Qd7 25. Bb5 Qe7 26. Nh4 Nc4 27. Bxc4 dxc4
28. Nhg6 Bxg6 29. Nxg6 Rxf1 30. Rxf1 Qg5 31. Qf4 Qd8 32. c3 b5 33. Qf7 Qd5 34.
Ka1 b4 35. Qxg7 bxa3 36. bxa3 Nxd4 37. Rb1+ Nb3+ 38. Ka2 Qd2+ 39. Rb2 Qc1 40.
Rb1 Qxc3 41. Qd7 Qc2+ 1/2-1/2

[Event "Northumbria Masters 2018"]
[Site "Newcastle ENG"]
[Date "2018.02.17"]
[Round "6.24"]
[White "Garrett, Peter A"]
[Black "Turner, Max N"]
[Result "1-0"]
[WhiteElo "1685"]
[BlackElo "1933"]
[WhiteFideId "420611"]
[BlackFideId "447722"]
[EventDate "2018.02.14"]

1. e4 c6 2. d4 d5 3. exd5 cxd5 4. c4 Nf6 5. Nc3 e6 6. Nf3 Bb4 7. Bd3 Nc6 8. O-O
Be7 9. Re1 O-O 10. a3 a6 11. cxd5 Nxd5 12. Nxd5 exd5 13. h3 Bf6 14. Bc2 Qb6 15.
Qd3 g6 16. Bh6 Rd8 17. g4 Nxd4 18. Rad1 Nxc2 19. Qxc2 Qxb2 20. Rxd5 Be6 21.
Rxd8+ Rxd8 22. Qa4 Qb3 23. Qf4 Bg7 24. Bxg7 Kxg7 25. Qe5+ Kg8 26. Ng5 Qd5 27.
Qf6 Qd4 28. Rxe6 Qxf6 29. Rxf6 Rd5 30. Ne4 Rd3 31. Rb6 Rxa3 32. Rxb7 Rxh3 33.
Ng3 Rh4 34. f3 h5 35. Rb8+ Kh7 36. gxh5 gxh5 37. Rb6 a5 38. Rb5 a4 39. Nxh5 a3
40. Ng3 Ra4 41. Rb1 Rc4 42. Ra1 Rc3 43. Kf2 Rc2+ 44. Ne2 a2 45. Ke3 Kg6 46. Nc1
Rc3+ 47. Kf2 Rc2+ 48. Kg3 f5 49. Nxa2 Kg5 50. f4+ Kh5 51. Rh1+ Kg6 52. Nc1 Rd2
53. Re1 Kh5 54. Re5 Rc2 55. Rxf5+ Kg6 56. Rg5+ Kf6 57. Nd3 Rd2 58. Rd5 Ke6 59.
Re5+ Kf6 60. Nf2 1-0

[Event "Northumbria Masters 2018"]
[Site "Newcastle ENG"]
[Date "2018.02.17"]
[Round "7.1"]
[White "Percivaldi, Martin"]
[Black "Raetsky, Alexander"]
[Result "1/2-1/2"]
[WhiteTitle "IM"]
[BlackTitle "GM"]
[WhiteElo "2395"]
[BlackElo "2362"]
[WhiteFideId "1508148"]
[BlackFideId "4103203"]
[EventDate "2018.02.14"]

1. Nf3 d5 2. d4 Nf6 3. c4 dxc4 4. e3 Bg4 5. Bxc4 e6 6. Nc3 a6 7. h3 Bh5 8. g4
Bg6 9. Ne5 Nbd7 10. Nxg6 hxg6 11. Qf3 c6 12. Bb3 Nd5 13. Bd2 Bd6 14. Ne4 Be7 15.
Qg3 N7f6 16. Nxf6+ Nxf6 17. Qf3 Qb6 18. Rc1 a5 19. Rc2 a4 20. Bc4 a3 21. b3 Bb4
22. O-O Bxd2 23. Rxd2 Qa5 24. Rfd1 Nh7 25. h4 Nf6 26. g5 Nd5 27. Bxd5 cxd5 28.
Rc2 Rxh4 29. Qg3 Rh5 30. Qe5 Kf8 31. Rdc1 Kg8 32. Kg2 Kh7 33. Qg3 Ra6 34. Rc7
Rc6 35. R1xc6 bxc6 36. Rxf7 Qe1 37. Rxg7+ Kxg7 38. Qe5+ 1/2-1/2

[Event "Northumbria Masters 2018"]
[Site "Newcastle ENG"]
[Date "2018.02.17"]
[Round "7.2"]
[White "Vakhidov, Jakhongir"]
[Black "Eggleston, David J"]
[Result "1/2-1/2"]
[WhiteTitle "GM"]
[BlackTitle "IM"]
[WhiteElo "2532"]
[BlackElo "2409"]
[WhiteFideId "14201801"]
[BlackFideId "412120"]
[EventDate "2018.02.14"]

1. c4 Nf6 2. d4 e6 3. Nf3 b6 4. g3 Bb7 5. Bg2 Be7 6. O-O O-O 7. Nc3 d5 8. Ne5
Nbd7 9. Qa4 c6 10. Nxc6 Bxc6 11. Qxc6 Rc8 12. Qa4 Rxc4 13. Qd1 a6 14. Qd3 b5 15.
b3 Rc6 16. Bd2 Ba3 17. Rab1 Be7 18. a4 bxa4 19. Nxa4 Qb8 20. b4 Qb5 21. Nc5 Qxd3
22. exd3 Rb6 23. Ra1 Nb8 24. Ra4 Ne8 25. Rc1 Bf6 26. Bf4 Nd6 27. Be5 Nf5 28. Bd6
Nxd6 1/2-1/2

[Event "Northumbria Masters 2018"]
[Site "Newcastle ENG"]
[Date "2018.02.17"]
[Round "7.5"]
[White "Tan, Justin2"]
[Black "Haria, Ravi"]
[Result "1/2-1/2"]
[WhiteTitle "IM"]
[BlackTitle "IM"]
[WhiteElo "2479"]
[BlackElo "2376"]
[WhiteFideId "3206882"]
[BlackFideId "415820"]
[EventDate "2018.02.14"]

1. c4 e6 2. Nc3 d5 3. d4 Bb4 4. e3 Nf6 5. a3 Bxc3+ 6. bxc3 c6 7. Nf3 O-O 8. a4
b6 9. cxd5 cxd5 10. Ba3 Re8 11. Bb5 Bd7 12. Bd3 Bc8 13. Qe2 Bb7 14. O-O Qc8 15.
Rfc1 Ba6 16. c4 dxc4 17. Bxc4 Bxc4 18. Rxc4 Qa6 19. Ne5 Nbd7 20. Nc6 Kh8 21. Bb2
Rac8 22. Qc2 Rc7 23. Ne5 Rxc4 24. Qxc4 Qxc4 25. Nxc4 Rc8 26. Nd6 Rc2 27. Rc1
Rxc1+ 28. Bxc1 Kg8 29. e4 e5 30. Bb2 exd4 31. Bxd4 Nb8 32. f3 Nfd7 33. Kf2 Nc6
34. Be3 Kf8 35. Ke2 g6 36. Kd3 Ke7 37. Nb5 Ke6 38. h3 f5 39. exf5+ Kxf5 40. Nd6+
Ke6 41. Ne4 Nde5+ 42. Kc3 h5 43. f4 Nd7 44. Kc4 a6 45. Bd2 Ne7 46. g4 hxg4 47.
hxg4 b5+ 48. axb5 axb5+ 49. Kxb5 Kd5 50. Nf2 Nf6 51. Bc1 Ne4 52. Nd3 Nf6 53. Ne5
Ke4 54. Ba3 Nfd5 55. Bxe7 Nxe7 56. Nxg6 Nxg6 57. f5 Ke5 58. fxg6 Kf6 1/2-1/2

[Event "Northumbria Masters 2018"]
[Site "Newcastle ENG"]
[Date "2018.02.17"]
[Round "7.8"]
[White "Kanakova, Natalie"]
[Black "Hunt, Adam C"]
[Result "1/2-1/2"]
[WhiteTitle "WFM"]
[BlackTitle "IM"]
[WhiteElo "2245"]
[BlackElo "2416"]
[WhiteFideId "350486"]
[BlackFideId "403970"]
[EventDate "2018.02.14"]

1. e4 c5 2. Nf3 d6 3. d4 cxd4 4. Nxd4 Nf6 5. Nc3 a6 6. Be2 e5 7. Nb3 Be7 8. O-O
O-O 9. Qd3 Nc6 10. a3 Be6 11. Nd5 Rc8 12. Be3 Bxd5 13. exd5 e4 14. Qd2 Ne5 15.
Rac1 g6 16. c4 Re8 17. Nd4 Nfd7 18. b4 Bf6 19. Nb3 b6 20. a4 Qc7 21. a5 bxa5 22.
Nxa5 Bd8 23. Ra1 Rb8 24. Rfc1 Be7 25. Qc3 Nb6 26. Bd4 Bg5 27. Rc2 Ra8 28. Bxb6
Qxb6 29. c5 Qc7 30. Nb3 Bf6 31. Nd4 Nd3 32. Bxd3 exd3 33. Qxd3 dxc5 34. bxc5 Qe5
35. Rc4 Qxd5 36. Rd1 Rac8 37. Nf3 Qxd3 38. Rxd3 Re6 39. Kf1 Be7 40. Nd4 Re5 41.
c6 Rd5 42. Ke2 Rd6 43. c7 Rd7 44. Rc6 Rcxc7 45. Rxa6 Kg7 46. Ra2 Bf6 47. Rad2
Re7+ 48. Kf3 Rc4 49. g3 Re5 50. Kg2 Rd5 51. Nf3 Rxd3 1/2-1/2

[Event "Northumbria Masters 2018"]
[Site "Newcastle ENG"]
[Date "2018.02.17"]
[Round "7.9"]
[White "Lalic, Bogdan"]
[Black "Welling, Gerard"]
[Result "1-0"]
[WhiteTitle "GM"]
[BlackTitle "IM"]
[WhiteElo "2401"]
[BlackElo "2320"]
[WhiteFideId "409081"]
[BlackFideId "1000446"]
[EventDate "2018.02.14"]

1. d4 d5 2. c4 c6 3. Nc3 Nf6 4. e3 g6 5. Nf3 Bg7 6. cxd5 cxd5 7. Bb5+ Bd7 8. Qb3
Bxb5 9. Qxb5+ Qd7 10. Ne5 Qxb5 11. Nxb5 Na6 12. b3 Nd7 13. Nd3 Ndb8 14. Nf4 Nb4
15. Ke2 e5 16. dxe5 Bxe5 17. Bd2 N8c6 18. Bxb4 Nxb4 19. Rad1 Bxf4 20. exf4 O-O
21. a3 a6 22. Nd6 Nc2 23. Rxd5 Nxa3 24. Nxb7 Nb5 25. Rc1 Rfc8 26. Rxc8+ Rxc8 27.
Kd2 Rc6 28. Rd7 Nc3 29. Nd8 Nb1+ 30. Ke3 Rc3+ 31. Rd3 Rc7 32. f5 Kg7 33. Rd6
gxf5 34. Rxa6 Rd7 35. Nc6 Nd2 36. Nd4 Nf1+ 37. Kd3 Nxh2 38. Kc4 Rc7+ 39. Kd5
Rd7+ 40. Rd6 Rxd6+ 41. Kxd6 Ng4 42. b4 Nxf2 43. b5 Ne4+ 44. Kc6 Nd2 45. Nxf5+
Kf8 46. Nd6 Nb3 47. b6 Nd4+ 48. Kd5 Ne6 49. b7 Nc7+ 50. Kc6 Na6 51. Kb6 Nb8 52.
Kc7 Na6+ 53. Kc8 1-0

[Event "Northumbria Masters 2018"]
[Site "Newcastle ENG"]
[Date "2018.02.17"]
[Round "7.10"]
[White "Gourlay, Iain"]
[Black "Berry, Neil"]
[Result "0-1"]
[WhiteTitle "FM"]
[BlackTitle "FM"]
[WhiteElo "2371"]
[BlackElo "2267"]
[WhiteFideId "2401533"]
[BlackFideId "2400650"]
[EventDate "2018.02.14"]

1. c4 e6 2. g3 d5 3. Nf3 Nf6 4. Bg2 dxc4 5. Qa4+ Bd7 6. Qxc4 c5 7. Ne5 Qc8 8.
Qd3 Nc6 9. Nxd7 Nxd7 10. Qb5 Nd4 11. Qa4 Be7 12. e3 Nf5 13. O-O O-O 14. Nc3 a6
15. d4 b5 16. Qd1 Ra7 17. d5 Nb6 18. a4 b4 19. a5 Nc4 20. Ne2 Bf6 21. Qc2 Na3
22. Qb3 c4 23. Qd1 Nb5 24. e4 Nfd4 25. Be3 Nxe2+ 26. Qxe2 Bd4 27. Rac1 c3 28.
Rfd1 e5 29. Qc2 Qc5 30. bxc3 Bxe3 31. fxe3 Qxe3+ 32. Kh1 bxc3 33. Bf1 Rc8 34. d6
Nd4 35. Qd3 Qxd3 36. Rxd3 c2 37. d7 Rxd7 38. Bh3 Rb7 39. Ra3 Rb1 0-1

[Event "Northumbria Masters 2018"]
[Site "Newcastle ENG"]
[Date "2018.02.17"]
[Round "7.11"]
[White "House, Glenn L"]
[Black "Derakhshani, Borna"]
[Result "0-1"]
[WhiteTitle "FM"]
[BlackTitle "FM"]
[WhiteElo "2214"]
[BlackElo "2317"]
[WhiteFideId "406228"]
[BlackFideId "12518450"]
[EventDate "2018.02.14"]

1. Nf3 d5 2. g3 Bg4 3. d3 c6 4. Nbd2 Nd7 5. h3 Bh5 6. g4 Bg6 7. Nh4 e6 8. Nxg6
hxg6 9. e3 Bd6 10. b3 Qe7 11. Bb2 Ngf6 12. Bg2 O-O-O 13. a3 Ne8 14. c4 f5 15.
gxf5 gxf5 16. Qe2 Nef6 17. b4 Bc7 18. c5 e5 19. O-O-O e4 20. f4 Nh5 21. dxe4
dxe4 22. Rhg1 Ndf6 23. Nc4 Qe6 24. Rd6 Ng3 25. Qc2 Bxd6 26. Nxd6+ Rxd6 27. cxd6
Qxd6 28. Qf2 Ngh5 29. Rd1 Nd5 30. Bf1 Nhf6 31. Bd4 a6 32. Qc2 Rd8 33. Bc4 Nc7
34. Rg1 Rd7 35. Rg6 Ncd5 36. Qb3 Nxf4 37. Rg1 N4d5 38. Rd1 f4 39. Bxf6 gxf6 0-1